Formel 1 Podium Sprintrennen - Statistiken

Allgemein
  • Dieses Quiz wurde 446 mal gespielt
    24 seit der letzten Aktualisierung
  • Das Durchschnittsergebnis liegt bei 12 aus 12
Antwortstatistiken
Antwort % Korrekt
Carlos Sainz
100%
Charles Leclerc
100%
Lando Norris
100%
Lewis Hamilton
100%
Max Verstappen
100%
Oscar Piastri
100%
Pierre Gasly
100%
Sergio Perez
100%
Valtteri Bottas
94%
George Russell
89%
Kimi Antonelli
89%
Daniel Ricciardo
83%
Keine übereinstimmenden Quizze gefunden
Verteilung der Resultate
Anzahl Personen mit jedem Resultat
Perzentil nach korrekt beantworteten Fragen
Ihre Resultats-Entwicklung
Sie haben dieses Quiz seit der letzten Aktualisierung nicht gespielt